[Event "Seville op 49th"]
[Site "Seville"]
[Date "2024.01.20"]
[Round "9"]
[White "Ordonez Torres, Maria del Carmen"]
[Black "Quintin Navarro, Alberto"]
[Result "1-0"]
[WhiteElo "2048"]
[BlackElo "2371"]
[PlyCount "97"]
[EventDate "2024.01.12"]
[EventType "swiss"]
[EventRounds "9"]
[EventCountry "ESP"]
[SourceTitle "CB04_2024"]
[SourceDate "2023.10.16"]
[SourceVersion "1"]
[SourceVersionDate "2023.10.16"]
[SourceQuality "1"]

1. e4 c5 2. Nf3 g6 3. d4 cxd4 4. Nxd4 Bg7 5. Nc3 Nc6 6. Be3 Nf6 7. Bc4 Qa5 8. 0-0 0-0 9. Bb3 d6 10. Nd5 Nxd5 11. exd5 Ne5 12. h3 Qa6 13. c3 Bd7 14. a4 Nc4 15. Bc1 Rfc8 16. Qe2 Bf6 17. f4 Na5 18. Qxa6 bxa6 19. Bd1 Bxd4+ 20. cxd4 Rab8 21. Re1 Kf8 22. f5 Bxf5 23. Bh6+ Ke8 24. Bg5 Rc7 25. g4 Bd3 26. Ra3 Bc4 27. b4 Rxb4 28. Bd2 Rcb7 29. Rae3 e6 30. Bf3 Rxa4 31. dxe6 d5 32. g5 Nc6 33. Bg4 Re7 34. h4 Ra2 35. Bb4 Rxe6 36. Bxe6 fxe6 37. Rxe6+ Kd7 38. Bc5 a5 39. Rf6 Re2 40. Rf7+ Ke6 41. Rf6+ Kd7 42. Rxe2 Bxe2 43. Rf7+ Ke6 44. Rxh7 a4 45. Kf2 Bb5 46. Ke3 a5 47. Rb7 Bc4 48. Rb6 Kd7 49. h5 1-0

[Event "Seville op 49th"]
[Site "Seville"]
[Date "2024.01.17"]
[Round "6"]
[White "Fiorito, Fabian"]
[Black "Quintin Navarro, Alberto"]
[Result "0-1"]
[WhiteElo "2274"]
[BlackElo "2371"]
[PlyCount "64"]
[EventDate "2024.01.12"]
[EventType "swiss"]
[EventRounds "9"]
[EventCountry "ESP"]
[SourceTitle "CB04_2024"]
[SourceDate "2023.10.16"]
[SourceVersion "1"]
[SourceVersionDate "2023.10.16"]
[SourceQuality "1"]

1. Nf3 d5 2. e3 Nf6 3. b3 g6 4. Bb2 Bg7 5. g3 0-0 6. Bg2 c5 7. 0-0 Nc6 8. Ne5 Qd6 9. Nxc6 Qxc6 10. d3 Bg4 11. Qc1 Qd7 12. Nd2 Bh3 13. Nf3 Bxg2 14. Kxg2 Rfd8 15. Rd1 Rac8 16. c4 dxc4 17. bxc4 Qc6 18. h3 Ne8 19. Qc2 Rd6 20. Bxg7 Nxg7 21. Qe2 Rf6 22. e4 Rd6 23. Ne5 Qc7 24. f4 Ne6 25. Qf2 Nd4 26. Ng4 Ra6 27. Rf1 Ra3 28. f5 Rxd3 29. f6 Rf3 30. Nh6+ Kf8 31. fxe7+ Kg7 32. Qe1 Nc2 0-1

[Event "Seville op 49th"]
[Site "Seville"]
[Date "2024.01.15"]
[Round "4"]
[White "Quintin Navarro, Alberto"]
[Black "Jaksland, Tim"]
[Result "1-0"]
[WhiteElo "2371"]
[BlackElo "2062"]
[PlyCount "159"]
[EventDate "2024.01.12"]
[EventType "swiss"]
[EventRounds "9"]
[EventCountry "ESP"]
[SourceTitle "CB04_2024"]
[SourceDate "2023.10.16"]
[SourceVersion "1"]
[SourceVersionDate "2023.10.16"]
[SourceQuality "1"]

1. d4 Nf6 2. Nf3 e6 3. c4 d5 4. g3 dxc4 5. Bg2 a6 6. 0-0 Nc6 7. Be3 Be7 8. Qc1 Nd5 9. Qxc4 Nxe3 10. fxe3 0-0 11. Nbd2 Qd5 12. Qc2 Qh5 13. Nc4 Bd6 14. Rad1 Bd7 15. a3 Rad8 16. Qe4 Bc8 17. b4 Qg6 18. Qxg6 hxg6 19. Ng5 Be7 20. Ne4 Na7 21. Rc1 Nb5 22. Nc5 b6 23. Nd3 Bg5 24. Nf4 Bf6 25. Rc2 Bd7 26. Nd3 Nd6 27. Nce5 Bb5 28. Rxc7 Rc8 29. Rfc1 Rxc7 30. Rxc7 Rc8 31. Rxc8+ Nxc8 32. Bc6 Nd6 33. a4 Bxd3 34. exd3 a5 35. bxa5 bxa5 36. Nf3 Kf8 37. Kf2 Nc8 38. Nd2 Be7 39. e4 Nb6 40. Nb3 Bb4 41. Ke3 Ke7 42. e5 f6 43. Ke4 Nc8 44. d5 exd5+ 45. Bxd5 Nb6 46. Bc6 Bc3 47. d4 Bb4 48. Bb5 Nc8 49. g4 Nb6 50. h4 Be1 51. h5 gxh5 52. gxh5 Bc3 53. Nc5 Bb4 54. Nd3 Bd2 55. Nf2 fxe5 56. dxe5 Ke6 57. Nd3 Kf7 58. Kf5 Nc8 59. Bc4+ Ke7 60. Bb3 Be3 61. Ke4 Bd2 62. Nc5 Nb6 63. Kf5 Bc3 64. Nd3 Nd7 65. Bc4 Bd4 66. Bb5 Nf8 67. Nf4 Bb2 68. Bc4 Bc1 69. Nd5+ Kd8 70. Bb5 Ba3 71. Ne3 Ke7 72. Nd5+ Kd8 73. Nb6 Ke7 74. Nc8+ Kd8 75. Na7 Kc7 76. Nc6 Kb6 77. e6 Nh7 78. e7 Nf6 79. h6 Ne8 80. h7 1-0

[Event "ESP-chT CECLUB Honor"]
[Site "Linares"]
[Date "2023.09.22"]
[Round "7.3"]
[White "Fataliyeva, Ulviyya Hasil Qizi"]
[Black "Quintin Navarro, Alberto"]
[Result "1/2-1/2"]
[WhiteElo "2387"]
[BlackElo "2356"]
[PlyCount "90"]
[EventDate "2023.09.16"]
[EventType "team-tourn"]
[EventRounds "7"]
[EventCountry "ESP"]
[SourceTitle "EXT 2024"]
[Source "ChessBase"]
[SourceDate "2023.10.10"]
[SourceVersion "1"]
[SourceVersionDate "2023.10.10"]
[SourceQuality "1"]
[WhiteTeam "Jaime Casas"]
[BlackTeam "Casablanca MyInvestor"]
[WhiteTeamCountry "ESP"]
[BlackTeamCountry "ESP"]

1. e4 e5 2. Nf3 Nf6 3. d4 Nxe4 4. Bd3 d5 5. Nxe5 Nd7 6. Nc3 Nxc3 7. bxc3 Nxe5 8. dxe5 Bc5 9. 0-0 0-0 10. Qh5 g6 11. Qh6 Re8 12. Bg5 Bf8 13. Bxd8 Bxh6 14. Bxc7 Bf5 15. Rad1 Rec8 16. Ba5 b6 17. Bxf5 gxf5 18. Bb4 a5 19. Be7 Rxc3 20. Rxd5 Re8 21. Bd8 Rxc2 22. Bxb6 Rxa2 23. Bxa5 Bf4 24. Re1 Rxa5 25. Rxa5 Bd2 26. Raa1 Bxe1 27. Rxe1 f6 28. e6 Kf8 29. e7+ Rxe7 30. Rxe7 Kxe7 31. g3 Kf7 32. Kg2 Kg6 33. Kf3 Kg5 34. h3 h6 35. h4+ Kh5 36. Kf4 Kg6 37. Ke3 Kh5 38. f3 Kg6 39. Kd4 Kh5 40. Ke3 Kg6 41. f4 Kh5 42. Kf3 Kg6 43. Ke3 Kh5 44. Kf3 Kg6 45. Ke3 Kh5 1/2-1/2

[Event "Aragon-chT Honor Gr I"]
[Site "Aragon"]
[Date "2023.03.04"]
[Round "6.3"]
[White "Gavin Roche, Enrique"]
[Black "Quintin Navarro, Alberto"]
[Result "0-1"]
[WhiteElo "2201"]
[BlackElo "2373"]
[PlyCount "76"]
[EventDate "2023.01.28"]
[EventType "team-tourn"]
[EventRounds "7"]
[EventCountry "ESP"]
[SourceTitle "EXT 2024"]
[Source "ChessBase"]
[SourceDate "2023.10.10"]
[SourceVersion "1"]
[SourceVersionDate "2023.10.10"]
[SourceQuality "1"]
[WhiteTeam "Aragon ONCE"]
[BlackTeam "Casablanca MyInvestor"]
[WhiteTeamCountry "ESP"]
[BlackTeamCountry "ESP"]

1. d4 Nf6 2. c4 e6 3. a3 d5 4. Nc3 c6 5. cxd5 exd5 6. Bg5 Be7 7. e3 Bf5 8. Nge2 0-0 9. Ng3 Bg6 10. h4 h6 11. Bf4 Bd6 12. Bxd6 Qxd6 13. h5 Bh7 14. Bd3 Bxd3 15. Qxd3 Nbd7 16. Rh3 Qe6 17. f3 c5 18. Kf2 cxd4 19. exd4 Rfe8 20. Rhh1 Qb6 21. Na4 Qd6 22. Nf5 Qf4 23. Kg1 Ne4 24. fxe4 dxe4 25. Rf1 exd3 26. Rxf4 Re1+ 27. Rf1 d2 28. Nc3 Rc8 29. Nd1 Rce8 30. Kf2 Nf6 31. Nfe3 Ne4+ 32. Kf3 Ng5+ 33. Kf4 Re4+ 34. Kf5 R1xe3 35. Nxe3 Rxe3 36. Rd1 Re2 37. Rhg1 Kf8 38. d5 Ke7 0-1

[Event "Aragon-chT Honor Gr I"]
[Site "Aragon"]
[Date "2023.01.28"]
[Round "1.3"]
[White "Quintin Navarro, Alberto"]
[Black "Lacruz Algarate, Alvaro"]
[Result "1-0"]
[WhiteElo "2373"]
[BlackElo "2113"]
[PlyCount "85"]
[EventDate "2023.01.28"]
[EventType "team-tourn"]
[EventRounds "7"]
[EventCountry "ESP"]
[SourceTitle "EXT 2024"]
[Source "ChessBase"]
[SourceDate "2023.10.10"]
[SourceVersion "1"]
[SourceVersionDate "2023.10.10"]
[SourceQuality "1"]
[WhiteTeam "Casablanca MyInvestor"]
[BlackTeam "Palacio de Pioneros"]
[WhiteTeamCountry "ESP"]
[BlackTeamCountry "ESP"]

1. d4 Nf6 2. Nf3 e6 3. c4 d5 4. g3 Be7 5. Bg2 0-0 6. 0-0 Nbd7 7. Qc2 Re8 8. Rd1 c6 9. Nc3 b6 10. e4 dxe4 11. Nxe4 Nxe4 12. Qxe4 Bb7 13. Bf4 Nf6 14. Qc2 Bd6 15. Ne5 Qc7 16. Qe2 Nd7 17. c5 Bxe5 18. Bxe5 Nxe5 19. dxe5 bxc5 20. Rd6 Rad8 21. Rad1 Qa5 22. Qc4 Rb8 23. a3 Ba6 24. Qc2 c4 25. Bxc6 Rf8 26. Be4 g6 27. R1d2 Bb7 28. Bxb7 Rxb7 29. Qe4 Rb5 30. Qxc4 Rxe5 31. Rd7 Re1+ 32. Kg2 Ra1 33. Re2 Qf5 34. Rxa7 Qb1 35. Rd2 Qh1+ 36. Kh3 Re1 37. Ra5 f5 38. Ra7 Re4 39. Rdd7 Rh4+ 40. Kxh4 Qxh2+ 41. Kg5 Qh5+ 42. Kf4 g5+ 43. Ke5 1-0

[Event "Aragon-ch"]
[Site "Zaragoza"]
[Date "2022.08.30"]
[Round "4.3"]
[White "Quintin Navarro, Alberto"]
[Black "Miranda Herrera, Miguel"]
[Result "1-0"]
[WhiteElo "2372"]
[BlackElo "1974"]
[PlyCount "75"]
[EventDate "2022.08.27"]
[EventType "swiss"]
[EventRounds "7"]
[EventCountry "ESP"]
[SourceTitle "EXT 2024"]
[Source "ChessBase"]
[SourceDate "2023.10.10"]
[SourceVersion "1"]
[SourceVersionDate "2023.10.10"]
[SourceQuality "1"]

1. c4 e6 2. Nf3 d5 3. d4 a6 4. Bg5 Be7 5. Bxe7 Qxe7 6. Nbd2 Nf6 7. g3 Nbd7 8. Bg2 c5 9. 0-0 0-0 10. cxd5 exd5 11. dxc5 Nxc5 12. Rc1 Bg4 13. h3 Bh5 14. Nd4 Nce4 15. Nxe4 dxe4 16. Qb3 Rfd8 17. e3 Rac8 18. Rc2 Rc7 19. Rfc1 Rdc8 20. Nf5 Qd7 21. Rxc7 Rxc7 22. Rxc7 Qxc7 23. Qb4 Bf3 24. Ne7+ Kh8 25. Nd5 Qd8 26. Nxf6 gxf6 27. Bxf3 exf3 28. Qd4 Qe7 29. Qf4 Qe5 30. Qxe5 fxe5 31. g4 h5 32. gxh5 Kg7 33. Kh2 Kh6 34. Kg3 Kxh5 35. Kxf3 Kh4 36. Ke4 f6 37. Kf5 Kxh3 38. Kxf6 1-0

[Event "Aragon-ch"]
[Site "Zaragoza"]
[Date "2022.08.29"]
[Round "3.3"]
[White "Ruiz Fernandez, Daniel"]
[Black "Quintin Navarro, Alberto"]
[Result "0-1"]
[WhiteElo "1837"]
[BlackElo "2372"]
[PlyCount "90"]
[EventDate "2022.08.27"]
[EventType "swiss"]
[EventRounds "7"]
[EventCountry "ESP"]
[SourceTitle "EXT 2024"]
[Source "ChessBase"]
[SourceDate "2023.10.10"]
[SourceVersion "1"]
[SourceVersionDate "2023.10.10"]
[SourceQuality "1"]

1. Nf3 d5 2. c4 e6 3. g3 Nf6 4. Bg2 Be7 5. d4 0-0 6. Qc2 b6 7. 0-0 dxc4 8. Qxc4 Ba6 9. Qc2 Nbd7 10. Rd1 c5 11. Nc3 Bb7 12. e4 cxd4 13. Nxd4 Qc8 14. Bg5 a6 15. Qe2 h6 16. Bxf6 Bxf6 17. Rac1 Bxd4 18. Rxd4 Rd8 19. Rcd1 Kf8 20. Qd2 Ke8 21. Rd6 Ne5 22. Rxd8+ Qxd8 23. Qxd8+ Rxd8 24. Rxd8+ Kxd8 25. Kf1 g5 26. f3 f5 27. Ke2 f4 28. gxf4 gxf4 29. b3 Kd7 30. Kd2 Kd6 31. Ne2 Ng6 32. Bh3 e5 33. Nc1 Nh4 34. Bg4 Bc6 35. Nd3 Be8 36. Ke2 h5 37. Bc8 Bb5 38. a4 Bxd3+ 39. Kxd3 Nxf3 40. Bxa6 Nxh2 41. Bc8 Kc5 42. Kc3 f3 43. b4+ Kc6 44. a5 f2 45. Bh3 bxa5 0-1

[Event "Oviedo op 8th"]
[Site "Oviedo"]
[Date "2022.07.20"]
[Round "6"]
[White "Quintin Navarro, Alberto"]
[Black "Paton Alvarez, Ivan"]
[Result "1/2-1/2"]
[WhiteElo "2408"]
[BlackElo "1953"]
[PlyCount "77"]
[EventDate "2022.07.17"]
[EventType "swiss"]
[EventRounds "9"]
[EventCountry "ESP"]
[SourceTitle "CBM 209 Extra"]
[Source "ChessBase"]
[SourceDate "2022.09.30"]
[SourceVersion "1"]
[SourceVersionDate "2022.09.30"]
[SourceQuality "1"]

1. d4 Nf6 2. Nf3 e6 3. c4 d5 4. g3 Be7 5. Bg2 0-0 6. 0-0 dxc4 7. Qc2 a6 8. a4 Bd7 9. Rd1 Bc6 10. Bg5 Bxf3 11. Bxf3 Nc6 12. e3 Nd5 13. Bxe7 Qxe7 14. Qxc4 Na5 15. Qd3 Nb4 16. Qc3 Rac8 17. Nd2 c5 18. Rdc1 b6 19. Kg2 h6 20. dxc5 bxc5 21. Nc4 Nxc4 22. Qxc4 Rfd8 23. Rd1 Qf6 24. b3 g6 25. Rac1 Kg7 26. Rxd8 Rxd8 27. Rd1 Rxd1 28. Bxd1 Qe5 29. Bf3 Qd6 30. Qc3+ Kg8 31. h4 h5 32. Be4 Nd5 33. Qd3 f5 34. Bxd5 Qxd5+ 35. Qxd5 exd5 36. Kf3 Kf7 37. Ke2 Ke6 38. Kd3 a5 39. f4 1/2-1/2

[Event "Aragon-chT Honor Titulo"]
[Site "Aragon"]
[Date "2022.03.19"]
[Round "8.2"]
[White "Eizaguerri Floris, Maria"]
[Black "Quintin Navarro, Alberto"]
[Result "1-0"]
[WhiteElo "2215"]
[BlackElo "2398"]
[PlyCount "197"]
[EventDate "2022.03.19"]
[EventType "team-tourn"]
[EventRounds "10"]
[EventCountry "ESP"]
[SourceTitle "EXT 2024"]
[Source "ChessBase"]
[SourceDate "2023.10.10"]
[SourceVersion "1"]
[SourceVersionDate "2023.10.10"]
[SourceQuality "1"]
[WhiteTeam "Helios"]
[BlackTeam "Casablanca MyInvestor"]
[WhiteTeamCountry "ESP"]
[BlackTeamCountry "ESP"]

1. e4 e5 2. Nf3 Nc6 3. Bb5 a6 4. Ba4 Nf6 5. 0-0 Be7 6. d3 b5 7. Bb3 d6 8. a3 0-0 9. Nc3 Rb8 10. Be3 Na5 11. Ba2 Be6 12. b4 Bxa2 13. Rxa2 Nc6 14. Nd5 Qd7 15. c3 Bd8 16. Qb3 Nxd5 17. exd5 Ne7 18. a4 bxa4 19. Rxa4 Nxd5 20. Ba7 Rc8 21. Rxa6 Nf4 22. Ne1 Ra8 23. b5 Qg4 24. f3 Qg6 25. Be3 Bg5 26. Bxf4 Bxf4 27. Qd5 Qh6 28. g3 Be3+ 29. Kh1 Rab8 30. Ng2 Bc5 31. c4 Qe6 32. Qc6 Bb6 33. f4 Qf5 34. Qd5 Rbe8 35. Raa1 Bd4 36. Rad1 Qg4 37. Qc6 Re6 38. fxe5 Bxe5 39. Qf3 Qxf3 40. Rxf3 Ra8 41. h4 Ra3 42. Kh2 h6 43. Kh3 g6 44. Rdf1 Re7 45. Rd1 Kg7 46. Ne3 h5 47. d4 Bxd4 48. Nf5+ gxf5 49. Rxa3 Bc5 50. Rf3 Re5 51. Rdf1 Kg6 52. Rd3 Kf6 53. Rd2 Ke6 54. Kg2 Re4 55. Rd5 Re2+ 56. Kh3 Bf2 57. Rd3 Bc5 58. Rdf3 Re5 59. Rd1 Bb6 60. Kg2 Re4 61. Rd5 Re5 62. Rd1 Rc5 63. Re1+ Kf6 64. Ref1 Re5 65. Rf4 Re2+ 66. Kh3 Re5 67. Rd1 Ke6 68. Kg2 Re2+ 69. Kf1 Re3 70. Rd5 Re5 71. Rd1 Re3 72. Re1 Re5 73. Re2 Bc5 74. Ke1 Bb6 75. Kd2 Ba5+ 76. Kd3 Be1 77. Rf3 Bb4 78. Ra2 Bc5 79. Ra8 Kf6 80. Rh8 Kg6 81. Rg8+ Kf6 82. Rg5 d5 83. cxd5 Bb6 84. Rxh5 Rxd5+ 85. Kc4 Rd4+ 86. Kc3 Rd5 87. g4 Rc5+ 88. Kb4 Rc2 89. Rhxf5+ Ke6 90. Rxf7 Kd5 91. R7f5+ Kd4 92. R5f4+ Kd5 93. g5 Rg2 94. Kb3 Kc5 95. Rf5+ Kd4 96. h5 Ke4 97. h6 Bd4 98. R3f4+ Ke3 99. Rxd4 1-0

[Event "Zaragoza Helios 1st"]
[Site "Zaragoza"]
[Date "2022.02.09"]
[Round "6"]
[White "Quintin Navarro, Alberto"]
[Black "Bayo Milagro, Alvaro"]
[Result "1/2-1/2"]
[WhiteElo "2398"]
[BlackElo "2258"]
[PlyCount "46"]
[EventDate "2022.02.06"]
[EventType "tourn"]
[EventRounds "9"]
[EventCountry "ESP"]
[EventCategory "3"]
[SourceTitle "CBM 207 Extra"]
[Source "ChessBase"]
[SourceDate "2022.05.31"]
[SourceVersion "1"]
[SourceVersionDate "2022.05.31"]
[SourceQuality "1"]

1. d4 d5 2. c4 e6 3. Nf3 c6 4. g3 dxc4 5. Bg2 b5 6. 0-0 Bb7 7. Nc3 Nd7 8. e4 Ngf6 9. e5 Nd5 10. Ng5 Nxc3 11. bxc3 Be7 12. Qh5 g6 13. Qh6 Bf8 14. Qh3 Be7 15. Ne4 h5 16. Be3 Nb6 17. Bf3 Nd5 18. g4 h4 19. a4 a5 20. Rfe1 Ba6 21. Be2 Rb8 22. Qf1 h3 23. Bd2 Bc8 1/2-1/2

[Event "ESP-ch 86th"]
[Site "Linares"]
[Date "2021.08.18"]
[Round "3"]
[White "Quintin Navarro, Alberto"]
[Black "Rodrigo Yanguas, Maria"]
[Result "1-0"]
[WhiteElo "2406"]
[BlackElo "2056"]
[PlyCount "53"]
[EventDate "2021.08.16"]
[EventType "swiss"]
[EventRounds "9"]
[EventCountry "ESP"]
[SourceTitle "CBM 204 Extra"]
[Source "ChessBase"]
[SourceDate "2021.11.30"]
[SourceVersion "1"]
[SourceVersionDate "2021.11.30"]
[SourceQuality "1"]

1. c4 e6 2. Nf3 Nf6 3. d4 d5 4. g3 Be7 5. Bg2 0-0 6. 0-0 dxc4 7. Qc2 Nc6 8. Qxc4 Qd5 9. Qd3 Rd8 10. Nc3 Qh5 11. Qc4 Nd5 12. Bf4 Nxf4 13. gxf4 e5 14. d5 Nd4 15. Nxe5 Nf5 16. Qxc7 f6 17. Nf3 Rd7 18. Qc4 Nd6 19. Qd3 Rc7 20. Nd4 a6 21. Ne6 Rc4 22. Rac1 g5 23. Ne4 Rxc1 24. Rxc1 Bd7 25. fxg5 fxg5 26. Rc7 Bb5 27. Qc3 1-0

[Event "Zaragoza Rey Ardid 2nd"]
[Site "Zaragoza"]
[Date "2021.07.03"]
[Round "8"]
[White "Gavarrete, Nahun"]
[Black "Quintin Navarro, Alberto"]
[Result "1-0"]
[WhiteElo "2379"]
[BlackElo "2398"]
[PlyCount "93"]
[EventDate "2021.06.28"]
[EventType "tourn"]
[EventRounds "9"]
[EventCountry "ESP"]
[EventCategory "4"]
[SourceTitle "CBM 203 Extra"]
[Source "ChessBase"]
[SourceDate "2021.09.30"]
[SourceVersion "1"]
[SourceVersionDate "2021.09.30"]
[SourceQuality "1"]

1. c4 g6 2. g3 Bg7 3. Bg2 d6 4. Nc3 c5 5. Nf3 Nc6 6. a3 Bf5 7. d3 Qd7 8. h3 h6 9. Bd2 Nf6 10. Nd5 Nd4 11. Nxd4 cxd4 12. g4 Be6 13. Nf4 0-0 14. Nxe6 fxe6 15. g5 hxg5 16. Bxg5 Rab8 17. Qd2 b5 18. Rc1 bxc4 19. Rxc4 Nh5 20. Bc6 Qd8 21. Bf3 Rxf3 22. exf3 Qf8 23. Qe2 Kh7 24. Rb4 Rc8 25. Rc4 Rb8 26. Rb4 Rxb4 27. axb4 Qf5 28. Rg1 d5 29. h4 Bf6 30. Kd1 Kg7 31. Kc2 Kf7 32. Ra1 Bxg5 33. hxg5 Nf4 34. Qd2 e5 35. Rxa7 e4 36. dxe4 Qe5 37. Ra5 d3+ 38. Kb3 Ne2 39. Rxd5 Qc7 40. Rc5 Qd6 41. Ka2 Qd4 42. Rd5 Qc4+ 43. Kb1 Nd4 44. Qc3 d2 45. Qxd4 Qf1+ 46. Ka2 Qa6+ 47. Kb3 1-0

[Event "Titled Tuesday intern op 01st June"]
[Site "Chess.com INT"]
[Date "2021.06.01"]
[Round "9"]
[White "Dobrov, Vladimir"]
[Black "Quintin Navarro, Alberto"]
[Result "1-0"]
[WhiteElo "2478"]
[BlackElo "2398"]
[PlyCount "73"]
[EventDate "2021.06.01"]
[EventType "swiss (blitz)"]
[EventRounds "11"]
[EventCountry "USA"]
[SourceTitle "CBM 202 Extra"]
[Source "ChessBase"]
[SourceDate "2021.07.31"]
[SourceVersion "1"]
[SourceVersionDate "2021.07.31"]
[SourceQuality "1"]

1. b3 d5 2. Bb2 Bg4 3. f3 Bh5 4. Nh3 f6 5. d4 e6 6. e4 dxe4 7. Nf4 Bf7 8. fxe4 Bd6 9. e5 fxe5 10. dxe5 Bb4+ 11. Nc3 Nc6 12. Bb5 Nge7 13. 0-0 0-0 14. Ne4 Qxd1 15. Raxd1 Rad8 16. Ng5 Bc5+ 17. Kh1 Bd4 18. Nfxe6 Bxe6 19. Nxe6 Bxb2 20. Nxd8 Rxf1+ 21. Rxf1 Nxe5 22. Ne6 h5 23. Nxc7 h4 24. Be2 g5 25. h3 N7g6 26. Nd5 Kg7 27. Bh5 Nf8 28. Rf5 Ne6 29. Bg4 Nxg4 30. hxg4 Kg6 31. Ne7+ Kg7 32. Kh2 Ba3 33. Nd5 Bd6+ 34. Kg1 Bf4 35. c3 Nc5 36. Nxf4 gxf4 37. Rxc5 1-0

[Event "Titled Tuesday intern op 01st June"]
[Site "Chess.com INT"]
[Date "2021.06.01"]
[Round "6"]
[White "Khater, Sherif"]
[Black "Quintin Navarro, Alberto"]
[Result "0-1"]
[WhiteElo "2012"]
[BlackElo "2398"]
[PlyCount "116"]
[EventDate "2021.06.01"]
[EventType "swiss (blitz)"]
[EventRounds "11"]
[EventCountry "USA"]
[SourceTitle "CBM 202 Extra"]
[Source "ChessBase"]
[SourceDate "2021.07.31"]
[SourceVersion "1"]
[SourceVersionDate "2021.07.31"]
[SourceQuality "1"]

1. d4 Nf6 2. Bg5 e6 3. e4 c5 4. e5 h6 5. Bc1 Nh7 6. dxc5 Bxc5 7. Qg4 Bf8 8. Nc3 Nc6 9. Nf3 Ng5 10. Bxg5 hxg5 11. 0-0-0 f5 12. exf6 Qxf6 13. Qxg5 Qxg5+ 14. Nxg5 Be7 15. Nf3 0-0 16. Bc4 d5 17. Bb3 Bc5 18. Rhf1 Na5 19. Ne2 Bd7 20. Kb1 Bb5 21. Rde1 Nxb3 22. axb3 e5 23. Nxe5 Bxf2 24. Rxf2 Rxf2 25. Nc3 Rf1 26. Rxf1 Bxf1 27. Nxd5 Bxg2 28. Nf4 Re8 29. Nfd3 Be4 30. Kc1 Bxd3 31. Nxd3 Re2 32. h3 Rh2 33. Nf4 Kf7 34. b4 g5 35. Nd3 Rxh3 36. b5 Kf6 37. Kd2 g4 38. Ke2 Kf5 39. c4 Rh2+ 40. Ke3 b6 41. b4 Rh3+ 42. Ke2 g3 43. Ne1 Ke4 44. c5 Rh2+ 45. Kf1 Rf2+ 46. Kg1 Rb2 47. cxb6 axb6 48. Kf1 Rxb4 49. Ng2 Rxb5 50. Ne1 Rb1 51. Ke2 Rxe1+ 52. Kxe1 Kf3 53. Kf1 g2+ 54. Kg1 b5 55. Kh2 Kf2 56. Kh3 g1Q 57. Kh4 Qg6 58. Kh3 Qh5# 0-1

[Event "Titled Tuesday intern op 01st June"]
[Site "Chess.com INT"]
[Date "2021.06.01"]
[Round "7"]
[White "Quintin Navarro, Alberto"]
[Black "Stelmaszyk, Nico"]
[Result "1-0"]
[WhiteElo "2398"]
[BlackElo "2299"]
[PlyCount "93"]
[EventDate "2021.06.01"]
[EventType "swiss (blitz)"]
[EventRounds "11"]
[EventCountry "USA"]
[SourceTitle "CBM 202 Extra"]
[Source "ChessBase"]
[SourceDate "2021.07.31"]
[SourceVersion "1"]
[SourceVersionDate "2021.07.31"]
[SourceQuality "1"]

1. c4 c5 2. g3 g6 3. Bg2 Bg7 4. d3 d6 5. Nc3 Nc6 6. Nf3 Nf6 7. 0-0 0-0 8. Bf4 Bf5 9. Rb1 Rb8 10. a3 a6 11. b4 cxb4 12. axb4 b5 13. c5 e5 14. Bg5 h6 15. Bxf6 Qxf6 16. Nd5 Qe6 17. Nd2 dxc5 18. bxc5 Bh3 19. Nc7 Qc8 20. Bxh3 Qxc7 21. Bg2 a5 22. Ne4 b4 23. e3 Rfd8 24. Qb3 Bf8 25. Rfc1 Kg7 26. g4 Qd7 27. h3 Be7 28. Nd6 Rf8 29. Qa4 Rbc8 30. Nxc8 Rxc8 31. d4 exd4 32. exd4 Qxd4 33. Bxc6 Bxc5 34. Rf1 h5 35. Bf3 hxg4 36. Bxg4 Qf4 37. Qb3 Rh8 38. Qf3 Qg5 39. Rbc1 Bd6 40. Rcd1 Be5 41. Rd7 Bf6 42. Qd5 Rf8 43. Qxg5 Bxg5 44. Ra7 b3 45. Rxa5 b2 46. Rxg5 Ra8 47. Rb5 1-0

[Event "Aragon-chT Honor Titulo"]
[Site "Aragon"]
[Date "2021.05.29"]
[Round "9.11"]
[White "Quintin Navarro, Alberto"]
[Black "Romero Pallares, Daniel"]
[Result "1-0"]
[WhiteElo "2394"]
[BlackElo "2203"]
[PlyCount "35"]
[EventDate "2021.05.15"]
[EventType "team-tourn"]
[EventRounds "10"]
[EventCountry "ESP"]
[SourceTitle "EXT 2024"]
[Source "ChessBase"]
[SourceDate "2023.10.10"]
[SourceVersion "1"]
[SourceVersionDate "2023.10.10"]
[SourceQuality "1"]
[WhiteTeam "Casablanca MyInvestor"]
[BlackTeam "Palacio de Pioneros"]
[WhiteTeamCountry "ESP"]
[BlackTeamCountry "ESP"]

1. Nf3 Nf6 2. c4 e6 3. d4 d5 4. g3 Be7 5. Bg2 0-0 6. 0-0 dxc4 7. Na3 Bxa3 8. bxa3 b5 9. Ng5 c6 10. e4 h6 11. e5 hxg5 12. Bxg5 Nbd7 13. Bxc6 Rb8 14. Qf3 Bb7 15. Bxb7 Qc7 16. Bxf6 Qxb7 17. Qg4 g6 18. Qf4 1-0

[Event "Titled Tuesday intern op 25th May"]
[Site "Chess.com INT"]
[Date "2021.05.25"]
[Round "1"]
[White "Matveeva, Olga"]
[Black "Quintin Navarro, Alberto"]
[Result "0-1"]
[WhiteElo "2145"]
[BlackElo "2398"]
[PlyCount "90"]
[EventDate "2021.05.25"]
[EventType "swiss (blitz)"]
[EventRounds "11"]
[EventCountry "USA"]
[SourceTitle "CBM 203 Extra"]
[Source "ChessBase"]
[SourceDate "2021.09.30"]
[SourceVersion "1"]
[SourceVersionDate "2021.09.30"]
[SourceQuality "1"]

1. d4 Nf6 2. c4 e6 3. g3 Bb4+ 4. Bd2 Qe7 5. Nf3 Nc6 6. Nc3 0-0 7. Bg2 d6 8. 0-0 Bxc3 9. Bxc3 e5 10. dxe5 dxe5 11. Qc2 Bg4 12. Rad1 Rad8 13. b3 Rfe8 14. Qb2 Rxd1 15. Rxd1 Ne4 16. Bxe5 Qc5 17. Bd4 Nxd4 18. Nxd4 Nd6 19. Rd2 h6 20. h3 Bh5 21. e3 Bg6 22. Kh2 Be4 23. Nf3 Qc6 24. Ne1 Bxg2 25. Nxg2 Ne4 26. Rd5 Re6 27. Nf4 Rd6 28. Nh5 f6 29. Nf4 Rxd5 30. Nxd5 Qd6 31. Kg2 c6 32. Nf4 c5 33. Nd5 Qe6 34. Qc2 Qf5 35. Qb2 Kh7 36. Nf4 Qd7 37. Nd5 b5 38. Qc2 Qf5 39. Qb2 b4 40. Qe2 a5 41. Qf3 Qe5 42. Qf4 Qe6 43. Kf3 Ng5+ 44. Ke2 Nxh3 45. Qh4 Ng5 0-1

[Event "Titled Tuesday intern op 18th May"]
[Site "Chess.com INT"]
[Date "2021.05.18"]
[Round "11"]
[White "Perez Gormaz, Matias Ariel"]
[Black "Quintin Navarro, Alberto"]
[Result "0-1"]
[WhiteElo "2413"]
[BlackElo "2398"]
[PlyCount "96"]
[EventDate "2021.05.18"]
[EventType "swiss (blitz)"]
[EventRounds "11"]
[EventCountry "USA"]
[SourceTitle "CBM 202 Extra"]
[Source "ChessBase"]
[SourceDate "2021.07.31"]
[SourceVersion "1"]
[SourceVersionDate "2021.07.31"]
[SourceQuality "1"]

1. e4 e5 2. Nf3 Nc6 3. Bc4 Nf6 4. d3 Bc5 5. c3 d6 6. 0-0 a5 7. Re1 0-0 8. Nbd2 Be6 9. Bxe6 fxe6 10. Nf1 Bb6 11. Be3 Bxe3 12. Nxe3 a4 13. g3 b5 14. Kg2 Qd7 15. Qc2 Qf7 16. Nd2 d5 17. Re2 d4 18. Nd1 a3 19. c4 b4 20. b3 Nd7 21. f3 Nc5 22. Nf2 Qh5 23. Rf1 Rf7 24. Ng4 Raf8 25. Rff2 Qg6 26. h4 h5 27. Nh2 Qh6 28. Ndf1 Kh7 29. Kh1 g5 30. hxg5 Qxg5 31. Qd1 Rg8 32. Rg2 Rgf8 33. Ref2 Kh6 34. Qe2 Qc1 35. g4 h4 36. g5+ Kg6 37. Ng4 Qb1 38. Nh6 Rf4 39. Rg4 Qxd3 40. Rxf4 Rxf4 41. Kg2 Qxe2 42. Rxe2 Kxg5 43. Ng4 Nd3 44. Nfh2 Nc5 45. Nf2 d3 46. Rd2 Nd4 47. Nh3+ Kf6 48. Nxf4 exf4 0-1